Peter Duck - Statistics

General Stats
  • This quiz has been taken 14 times
    9 since last reset
  • The average score is 11 of 15
Answer Stats
Question Answer % Correct
What is the name of the island where Peter Duck's treasure is buried? Crab Island
100%
Which boat did Captain Flint bring on board the Wild Cat? Swallow
100%
Who broke their arm? Bill
80%
Who do the Swallows and Amazons find drifting in a boat in the fog? Bill, the cabin boy from the Viper
80%
What is the name of the Viper's captain? Black Jake
80%
What is the name of Roger's monkey? Gibber
80%
How did the Swallows and Amazons find the treasure? The earthquake ripped out the tree under which it was buried
80%
Why did the Swallows and Amazons not like the crabs? They ate their food
80%
Who does Peter Duck save from a shark? Captain Flint
60%
What colour is the Wild Cat? Green
60%
How does the Viper get shipwrecked? It was run over by a waterspout
60%
Who got seasick at the start of the voyage? Nancy
60%
What islands did Captain Flint trick the Viper about harbouring in? The Madeiras
60%
What is the name of Peter Duck's boat? Arrow of Norwich
40%
What did Captain Flint find in Peter Duck's treasure? Pearls
40%
No matching quizzes found
Score Distribution
Percent of People with Each Score
Percentile by Number Answered
Your Score History
You have not taken this quiz since the last reset